书目信息 |
| 题名: |
移动终端服务器管理与开发
|
|
| 作者: | 熊伟 , 曹天人 主编 | |
| 分册: | ||
| 出版信息: | 北京 中国水利水电出版社 2016.9 |
|
| 页数: | 308页 | |
| 开本: | 26cm | |
| 丛书名: | ||
| 单 册: | ||
| 中图分类: | TN87 | |
| 科图分类: | ||
| 主题词: | 移动终端--智能终端--高等职业教育--教材 | |
| 电子资源: | ||
| ISBN: | 978-7-5170-4729-2 | |
| 000 | 01122nam0 2200253 450 | |
| 001 | 0400002604 | |
| 005 | 20171021124123.0 | |
| 010 | @a978-7-5170-4729-2@dCNY40.00 | |
| 100 | @a20170215d2016 em y0chiy50 ea | |
| 101 | 0 | @achi |
| 102 | @aCN@b110000 | |
| 105 | @aa z 000yy | |
| 106 | @ar | |
| 200 | 1 | @a移动终端服务器管理与开发@9yi dong zhong duan fu wu qi guan li yu kai fa@f熊伟,曹天人主编 |
| 210 | @a北京@c中国水利水电出版社@d2016.9 | |
| 215 | @a308页@c图@d26cm | |
| 300 | @a高等职业教育“十三五”规划教材 | |
| 330 | @a本书根据多所院校近年来教学改革的经验,结合职业教育改革的要求,将工程的知识点分解到不同的项目任务中,以项目驱动的方式来实施教学,通过工学结合让学生轻松学习移动终端服务器管理与开发的知识和技能。主要内容包括:移动终端服务器概述、JSP开发环境搭建、JSP语法基础、JSP内建对象、Servlet的使用、JavaBean资源、JSP中的文件操作、数据库访问、JSP标准标签库和JSP技术应用实例等内容。 | |
| 606 | 0 | @a移动终端@x智能终端@x高等职业教育@j教材 |
| 690 | @aTN87@v5 | |
| 701 | 0 | @a熊伟@9xiong wei@4主编 |
| 701 | 0 | @a曹天人@9cao tian ren@4主编 |
| 801 | 0 | @aCN@b91MARC@c20171021 |
| 905 | @b1032485-9@dTN87@f5@e12 | |
| 移动终端服务器管理与开发/熊伟,曹天人主编.-北京:中国水利水电出版社,2016.9 |
| 308页:图;26cm |
| 高等职业教育“十三五”规划教材 |
| ISBN 978-7-5170-4729-2:CNY40.00 |
| 本书根据多所院校近年来教学改革的经验,结合职业教育改革的要求,将工程的知识点分解到不同的项目任务中,以项目驱动的方式来实施教学,通过工学结合让学生轻松学习移动终端服务器管理与开发的知识和技能。主要内容包括:移动终端服务器概述、JSP开发环境搭建、JSP语法基础、JSP内建对象、Servlet的使用、JavaBean资源、JSP中的文件操作、数据库访问、JSP标准标签库和JSP技术应用实例等内容。 |
| ● |
| 相关链接 |
|
|
|
|
正题名:移动终端服务器管理与开发
索取号:TN87/12
 
预约/预借
| 序号 | 登录号 | 条形码 | 馆藏地/架位号 | 状态 | 备注 |
| 1 | 1032485 | 210324852 | 第二样本阅览室/ [索取号:TN87/12] | 在馆 | |
| 2 | 1032486 | 210324861 | 密集书库-物理学院/ [索取号:TN87/12] | 在馆 | |
| 3 | 1032487 | 210324870 | 第三借阅区/ [索取号:TN87/12] | 在馆 | |
| 4 | 1032488 | 210324889 | 第三借阅区/ [索取号:TN87/12] | 在馆 | |
| 5 | 1032489 | 210324898 | 第三借阅区/ [索取号:TN87/12] | 在馆 |